| 000 | 00428nam a2200145Ia 4500 | ||
|---|---|---|---|
| 008 | 220217s9999||||xx |||||||||||||| ||und|| | ||
| 020 | _a978-81-203-0981-4 | ||
| 082 | _a658.403 8 STO | ||
| 100 |
_aStoner, James, A. F. Freeman, Edward, R and Gilbert, Daniel, _95578 |
||
| 245 | 0 | _aManagement | |
| 250 | _a6th | ||
| 260 |
_aPrentice hall of india private Ltd. _bNew Delhi _c2007 |
||
| 300 | _b395 | ||
| 650 | _aMANAGEMENT | ||
| 999 |
_c176596 _d176596 |
||